000 00717nam a2200277Ia 4500
005 20260320195839.0
008 008 262003s9999 xx 000 0 hin d
020 _a9788126729791
037 _aEBOOK
040 _aCRL
040 _bhin
040 _cCRL
041 _2hin
041 _ahin
084 _qCRL
100 _aशेख मुजीबुर रहमान
_91133302
245 0 _aदास्ताँ और भी हैं
250 _a2nd
260 _bRajkamal
260 _c2017
300 _a331
856 _uhttps://ebook.indiaread.in/pdfs/dastan_aur_bhi_hain_by_sheikh_mujibur_rahman_compressed.pdf
942 _cEBOOK
999 _c1716827
_d1716827